000 00980nam a2200265Ia 4500
003 OSt
005 20220923211205.0
006 a|||||r|||| 00| 0
007 ta
008 220922b |||||||| |||| 00| 0 hin d
020 _a8192033090 (hbk)
_c695
024 _a275,525
037 _b212, 23/09/2013, Swaraj Prakashan
_cTextual
040 _aARTS
_cARTS
_bhin
041 _2hin
_ahin
082 _aO152,6N501x, Q2
100 _aसाह, छेदी
_9159348
245 0 _aहिन्दी साहित्य की दिशा तथा अन्य निबंध
246 _aHindī sāhitya kī dishā tathā anya nibandha
260 _aनई दिल्ली
_b स्वराज प्रकाशन
_c2012
300 _a296पृ.
_ccm.
650 _aहिन्दी साहित्य
_9156264
942 _hO152,6N501x, Q2
_cTEXL
_2CC
999 _c296578
_d296578